=LDR 00000nam 2200000 4500 =001 INLIS000000000041937 =005 20130612151435 =008 ***********************************ind** =035 ##$$a0010-061300000041937 =041 ##$$a ind =082 ##$$a 344.046 =090 ##$$a 344.046, Syp p =100 ##$$a Syprianus Aristeus =245 ##$$a Penerapan sanksi pidana dalam undang-undang nomor 32 tahun 2009, Tentang lingkungan hidup terhadap pelanggaran baku mutu lingkungan dari limbah kegiatan operasi produksi migas, Syaprianus aristeus; Editor, Mugiyati =260 ##$$a 2012 $b Jakarta =300 ##$$a Xii,149 hlm., 21 cm =650 ##$$a HUKUM LINGKUNGAN - SANKSI =700 ##$$a Mugiyati =850 ##$$a NBPNMAT =990 ##$$a 21400613/BPAP-NTB/20142014